Cien elementos que debe tener un sitio web.
Zapisane w:
| 1. autor: | |
|---|---|
| Format: | Książka |
| Język: | angielski |
| Wydane: |
Chile:
[s.n.],
[s.f.].
|
| Hasła przedmiotowe: | |
| Etykiety: |
Dodaj etykietę
Nie ma etykietki, Dołącz pierwszą etykiete!
|
MARC
| LEADER | 00000nam a22000007a 4500 | ||
|---|---|---|---|
| 003 | CL-VaPUC | ||
| 005 | 20250407202437.0 | ||
| 008 | 250306t ||||| |||| 00| 0 eng d | ||
| 999 | |c 447146 |d 447144 | ||
| 020 | |a 978-956-393-716-9 | ||
| 040 | |c Pontificia Universidad Católica de Valparaíso | ||
| 082 | |a 006.7 CAM [2018] | ||
| 100 | |9 896379 |a Camus, Juan Carlos |e autor | ||
| 245 | |a Cien elementos que debe tener un sitio web. | ||
| 260 | |a Chile: |b [s.n.], |c [s.f.]. | ||
| 300 | |a 228 páginas: |b ilustraciones. | ||
| 500 | |a c.1-c.2. Instituto Arcos.08-01-2025. | ||
| 583 | |c 20250306 |k Gabriela Rodríguez Cuevas | ||
| 650 | 0 | |9 561780 |a Desarrollo de sitios web | |
| 650 | 0 | |9 436463 |a Páginas web |x Diseño | |
| 942 | |2 ddc |c BK |n 0 | ||
| 952 | |0 0 |1 0 |2 ddc |4 0 |6 006_700000000000000_CAM_2018 |7 0 |8 A |9 600713 |a BIBINC |b BIBINC |d 2025-03-06 |e Instituto Arcos |i 5665592 |o 006.7 CAM [2018] |p 5665592 |r 2025-03-06 |t 1 |w 2025-03-06 |y BK |k IFP | ||
| 952 | |0 0 |1 0 |2 ddc |4 0 |6 006_700000000000000_CAM_2018 |7 0 |8 A |9 600714 |a BIBINC |b BIBINC |d 2025-03-06 |e Instituto Arcos |i 5665593 |o 006.7 CAM [2018] |p 5665593 |r 2025-03-06 |t 2 |w 2025-03-06 |y BK |k IFP | ||